000 01030nam a22003617a 4500
001 0009086
003 KOHA_MİRAKIL
005 20260207001657.0
007 ta
008 091120b2007 tu |||gr||||#0|||1|tur |
020 _a9789752636606
_cTL6,44
040 _aTR-BiSEU
_btur
_cTR-BiSEU
_erda
041 0 _atur
044 _ctu
050 _aPL248.A93
_bK68 2007
100 1 _aAyçil, Ali.
245 1 _aKovulmuşların evi/
_cAli Ayçil ; Ali Ayçil.
264 1 _aİstanbul :
_bTimaş
_c2007
300 _a108 sayfa
336 _ametin
_btxt
_2rdacontent
337 _aaracısız
_bn
_2rdamedia
338 _acilt
_bnc
_2rdacarrier
490 1 _aTimaş Yayınları ;
_v1738.
490 1 _aAli Ayçil Kitaplığı ;
_v03.
650 0 _aEdebiyat.
_96376
650 0 _aTürk Edebiyatı.
_95924
650 0 _aTurkish Literature.
_95933
650 0 _aRoman hikaye.
_922642
830 1 _aTimaş Yayınları ;
_v1738.
_99767
830 1 _aAli Ayçil Kitaplığı ;
_v03.
_922643
907 _aRoman
942 _2lcc
_cBK
999 _c9058
_d9058